| 000 | 00441cam a2200157ua 4500 | ||
|---|---|---|---|
| 041 |
_aeng _h |
||
| 082 |
_a028.71664 _bWOL/CR |
||
| 100 | _aWolff, Ivan A . | ||
| 245 |
_aCRC hand book of processing and utilization in agriculture : Animal products vol-1 / _cIvan A Wolff. _hTextual Documents |
||
| 250 |
_a1 / _b. |
||
| 260 |
_aFlorida : _bC R C press , _c1982. |
||
| 300 | _a648 ; . | ||
| 504 | _a | ||
| 942 | _cBK | ||
| 999 |
_c6745 _d6745 |
||